00455nam a22001337a 4500003000500000038001800005082000800023100001700031245011300048264003600161650003600197700003100233856005700264NUST aNusrat Nadeem a200 aHaseeb Ahmed aPreparation of Solid-State Electrolyte for High Performance Next-Generation Lithium Batteries/cAhmed Haseeb aIslamabad;bUSPCASE NUSTc2025. aPhD-Energy Systems Engineering  aSupervisor: Dr. Ghulam Ali uhttp://10.250.8.41:8080/xmlui/handle/123456789/57073